Štatistické metódy v ekonómii so zameraním na sociálne analýzy monografický zborník z riešenia vedeckého projektu VEGA 1/4586/07 v redakcii Viery Pacákovej
Saved in:
| Corporate Author: | |
|---|---|
| Other Authors: | , , |
| Format: | Book |
| Language: | Slovak |
| Published: |
Bratislava
Vydavateľstvo EKONÓM
2009
|
| Subjects: | |
| Tags: |
No Tags, Be the first to tag this record!
|
MARC
| LEADER | 00000nam$a2200000$$$4500 | ||
|---|---|---|---|
| 001 | 0092719 | ||
| 005 | 20240321092718.5 | ||
| 020 | |a 978-80-225-2704-0 | ||
| 041 | 0 | |a slo | |
| 044 | |a SK | ||
| 245 | 1 | 0 | |a Štatistické metódy v ekonómii so zameraním na sociálne analýzy |b monografický zborník z riešenia vedeckého projektu VEGA 1/4586/07 v redakcii Viery Pacákovej |
| 264 | 1 | |a Bratislava |b Vydavateľstvo EKONÓM |c 2009 | |
| 300 | |a 208 s. | ||
| 610 | 2 | 0 | |a metódy štatistické |
| 610 | 2 | 0 | |a analýza sociálna |
| 610 | 2 | 0 | |a ekonómia |
| 610 | 2 | 0 | |a ekonometria |
| 610 | 2 | 0 | |a úroveň životná |
| 610 | 2 | 0 | |a domácnosti |
| 610 | 2 | 0 | |a chudoba |
| 610 | 2 | 0 | |a príjmy obyvateľstva |
| 610 | 2 | 0 | |a výdavky obyvateľstva |
| 610 | 2 | 0 | |a Slovensko |
| 700 | 1 | |a Pacáková, Viera | |
| 700 | 1 | |a Rievajová, Eva | |
| 700 | 1 | |a Rublíková, Eva | |
| 710 | 2 | |a Fakulta hospodárskej informatiky EU. Katedra štatistiky | |